| 000 | 00494nam a22001697a 4500 | ||
|---|---|---|---|
| 005 | 20240307092717.0 | ||
| 008 | 240215b |||||||| |||| 00| 0 eng d | ||
| 020 | _a9788131237311 | ||
| 082 |
_a610.76 _bRAO-Q |
||
| 100 | _aRao, J Jyotsna. | ||
| 245 |
_a BDS Orthodontics : _bQuick Review Series for 4th Year / _cJ. Jyotsna Rao |
||
| 260 |
_aIndia : _bElsevier ; _c2014 . |
||
| 300 |
_aix , 323 p. : _bill ; _c25 cm . |
||
| 500 | _aInclude Index. | ||
| 650 | _aMedical / Dentistry | ||
| 999 |
_c35147 _d35147 |
||